Tourism in India (Record no. 2958)

MARC details
000 -LEADER
fixed length control field 00258nam a2200097 4500
082 ## - DEWEY DECIMAL CLASSIFICATION NUMBER
Classification number 915.404
Item number BEN
100 ## - MAIN ENTRY--PERSONAL NAME
Personal name Bendre, V.P
245 ## - TITLE STATEMENT
Title Tourism in India
Statement of responsibility, etc. V.P. Bendre
260 ## - PUBLICATION, DISTRIBUTION, ETC.
Place of publication, distribution, etc. Maharashtra
Name of publisher, distributor, etc. A.B.Dashrathe Parimal Prakashan
Date of publication, distribution, etc. 1979
300 ## - PHYSICAL DESCRIPTION
Extent [2], 295p.; 22cm.
Holdings
Withdrawn status Lost status Damaged status Not for loan Collection code Home library Current library Date acquired Total Checkouts Full call number Barcode Date last seen Price effective from Koha item type
        GEOGRAPHY & YAMUNACHARYA North Eastern Hill University North Eastern Hill University 24/11/2011   915.404 BEN B4377 24/11/2011 24/11/2011 Books